The Flemish primitives 3 The Hieronymus Bosch, Albrecht Bouts, Gerard David, Colijn de Coter and Goossen van der Weyden groups / Cyriel Stroo ..
Gespeichert in:
| Dokumenttyp: | Buch |
|---|---|
| Sprache: | English |
| Veröffentlicht: |
Brussels
: Royal Museums of Fine Arts of Belgium
, 2001
|
| Schlagwörter: | |
| Online Zugang: | Rezension Rezension |
| Bibliogr. Hinweis: | Rezensiert in:
[Rezension von: Cyriel Stroo / Pascale Syfer-d'Olne / Anne Dubois, The Flemish Primitives III. Band 3: The Hieronymus Bosch, Albrecht Bouts, Gerard David, Colijn de Coter and Goossen van der Weyden groups] |
| Verantwortlich: | Cyriel Stroo; Pascale Syfer-d'Olne |
| LEADER | 02245cam a2200409 cc4500 | ||
|---|---|---|---|
| 001 | 1168273404 | ||
| 003 | DE-627 | ||
| 005 | 20251225181954.0 | ||
| 007 | tu | ||
| 008 | 020416s2001 xx ||||| 00| ||eng c | ||
| 020 | |a 2503512291 |9 2-503-51229-1 | ||
| 035 | |a (DE-627)1168273404 | ||
| 035 | |a (DE-576)09827340X | ||
| 035 | |a (DE-599)BSZ09827340X | ||
| 035 | |a (OCoLC)314182034 | ||
| 035 | |a (OCoLC)314182034 | ||
| 040 | |a DE-627 |b ger |c DE-627 |e rakwb | ||
| 041 | |a eng | ||
| 082 | 0 | |a 759.9493 | |
| 084 | |a 9,10 |2 ssgn | ||
| 084 | |a LO 34393 |2 rvk |0 (DE-625)rvk/103096:5 | ||
| 245 | 0 | 4 | |a The Flemish primitives |n 3 |p The Hieronymus Bosch, Albrecht Bouts, Gerard David, Colijn de Coter and Goossen van der Weyden groups / Cyriel Stroo .. |c Cyriel Stroo; Pascale Syfer-d'Olne |
| 264 | 1 | |a Brussels |b Royal Museums of Fine Arts of Belgium |c 2001 | |
| 300 | |a 392 S. |b zahlr. Ill. | ||
| 336 | |a Text |b txt |2 rdacontent | ||
| 337 | |a ohne Hilfsmittel zu benutzen |b n |2 rdamedia | ||
| 338 | |a Band |b nc |2 rdacarrier | ||
| 583 | 1 | |a Archivierung/Langzeitarchivierung gewährleistet |f SSG |x XA-DE-BW |2 pdager |5 DE-16 | |
| 700 | 1 | |a Stroo, Cyriel |d 19XX- |0 (DE-588)188470719 |0 (DE-627)699395232 |0 (DE-576)135339723 |4 oth | |
| 773 | 1 | 8 | |w (DE-627)112410576X |w (DE-576)054105765 |g 3 |q 3 |7 nnam |
| 787 | 0 | 8 | |i Rezensiert in |a Kemperdick, Stephan, 1960 - |t [Rezension von: Cyriel Stroo / Pascale Syfer-d'Olne / Anne Dubois, The Flemish Primitives III. Band 3: The Hieronymus Bosch, Albrecht Bouts, Gerard David, Colijn de Coter and Goossen van der Weyden groups] |d 2003 |w (DE-627)1920621822 |
| 856 | 4 | 2 | |u https://swbplus.bsz-bw.de/bsz09827340xrez.htm |m V:DE-576 |v 2005-07-05 |3 Rezension |7 1 |
| 856 | 4 | 2 | |u http://www.sehepunkte.de/2003/01/3202.html |m V:DE-576;X:Sehepunkte |q text/html |v 20180424113605 |3 Rezension |7 1 |
| 936 | r | v | |a LO 34393 |b gotisch |k Kunstgeschichte |k Kunst nach Ländern bzw. Kontinenten |k Holland, Belgien, Luxemburg (im folgenden als Niederlande bezeichnet) |k Niederländische Kunstgeschichte nach Gattungen |k Malerei |k Geschichte der niederländischen Malerei nach Landschaften |k südniederländisch (flämisch) |k gotisch |0 (DE-627)1271058995 |0 (DE-625)rvk/103096:5 |0 (DE-576)201058995 |
| 951 | |a MV | ||
| 991 | |a Rezensiertes Werk | ||
| 999 | |a KXP-PPN1168273404 |e 4955597815 | ||


